000 00543nam a2200205Ia 4500
003 GCL
008 140319s9999 xx 000 0 eng d
040 _aGCL /
_cGCL
082 0 4 _aCH
_b823
_bB M
100 1 _aHELERTAS, FRANCOIS
245 1 0 _aBLANCHE - NEIGE ET LES SPT NAINS /
_cHELERTAS, FRANCOIS
700 1 _aHENOCA, ELIENNE
260 _a[S.N] :
_bWALT DISNEY COMPANY ،
_c1995
300 _a45 P
650 0 4 _aENGLISH LITERATURE
650 0 4 _aLITERATURE
650 0 4 _aCHILDREN
650 0 4 _aCHILDREN - FICTION
942 _2ddc
_cBK
999 _c14390
_d14390